Исследование влияния ВЧ нагрева при сушке древесины комбинированным методом в вакууме; Современные техника и технологии; Т. 3

Библиографические подробности
Источник:Современные техника и технологии: сборник трудов XVII международной научно-практической конференции студентов, аспирантов и молодых ученых, Томск, 18-22 апреля 2011 г/ Национальный исследовательский Томский политехнический университет (ТПУ).— , 2011
Т. 3.— 2011.— [С. 193-194]
Главный автор: Горешнев М. А. Максим Алексеевич
Другие авторы: Казарин А. Н. Алексей Николаевич (научный руководитель), Секисов Ф. Г. Фёдор Григорьевич
Примечания:Заглавие с титульного экрана
Язык:русский
Опубликовано: 2011
Серии:Теплоэнергетика
Предметы:
Online-ссылка:http://www.lib.tpu.ru/fulltext/c/2011/C01/V03/091.pdf
Формат: Электронный ресурс Статья
Запись в KOHA:https://koha.lib.tpu.ru/cgi-bin/koha/opac-detail.pl?biblionumber=235170

MARC

LEADER 00000naa2a2200000 4500
001 235170
005 20260310093017.0
035 |a (RuTPU)RU\TPU\book\256300 
035 |a RU\TPU\book\256298 
090 |a 235170 
100 |a 20130405d2011 k y0rusy50 ca 
101 0 |a rus 
102 |a RU 
135 |a drnn ---uucaa 
181 0 |a i  
182 0 |a b 
200 1 |a Исследование влияния ВЧ нагрева при сушке древесины комбинированным методом в вакууме  |f М. А. Горешнев, А. Н. Казарин  |g науч. рук. Ф. Г. Секисов 
203 |a Текст  |c электронный 
225 1 |a Теплоэнергетика 
300 |a Заглавие с титульного экрана 
320 |a [Библиогр.: с. 194 (4 назв.)] 
337 |a Adobe Reader 
461 1 |0 (RuTPU)RU\TPU\book\255301  |t Современные техника и технологии  |o сборник трудов XVII международной научно-практической конференции студентов, аспирантов и молодых ученых, Томск, 18-22 апреля 2011 г  |o в 3 т.  |f Национальный исследовательский Томский политехнический университет (ТПУ)  |d 2011 
463 1 |0 (RuTPU)RU\TPU\book\255308  |t Т. 3  |v [С. 193-194]  |d 2011 
610 1 |a труды учёных ТПУ 
610 1 |a электронный ресурс 
610 1 |a исследование 
610 1 |a нагрев 
610 1 |a сушка 
610 1 |a древесина 
610 1 |a комбинированные методы 
610 1 |a вакуум 
700 1 |a Горешнев  |b М. А.  |c специалист в области электрофизики  |c инженер Томского политехнического университета  |f 1986-  |g Максим Алексеевич  |3 (RuTPU)RU\TPU\pers\29883 
701 1 |a Казарин  |b А. Н.  |c специалист в области электрофизики  |c инженер Томского политехнического университета  |f 1985-  |g Алексей Николаевич  |3 (RuTPU)RU\TPU\pers\30661 
702 1 |a Секисов  |b Ф. Г.  |c российский учёный в области электроразрядных технологий  |c старший научный сотрудник Томского политехнического университета  |g Фёдор Григорьевич  |3 (RuTPU)RU\TPU\pers\28223  |4 727 
801 2 |a RU  |b 63413507  |c 20160510  |g RCR 
856 4 |u http://www.lib.tpu.ru/fulltext/c/2011/C01/V03/091.pdf 
942 |c CF